| 000 | 00548nam a2200181Ia 4500 | ||
|---|---|---|---|
| 003 | GCL | ||
| 008 | 140319s9999 xx 000 0 ara d | ||
| 040 |
_aGCL / _cGCL |
||
| 082 | 0 | 4 |
_a615.3 _bع ع |
| 100 | 1 | _aعلى فريد محمد على | |
| 245 | 1 | 0 |
_aعسل النحل والطب الحديث / _cعلى فريد محمد على |
| 300 | _a174 ص | ||
| 490 |
_aكتاب اليوم الطبى _v0 |
||
| 650 | 0 | 4 | _aعسل النحل |
| 650 | 0 | 4 | _aالمواد الطبية |
| 650 | 0 | 4 | _aالعقاقير الحيوانية |
| 942 |
_2ddc _cBK |
||
| 999 |
_c47081 _d47081 |
||